[Event "Athens Siaperas Memorial 13th"]
[Site "Athens"]
[Date "2017.03.04"]
[Round "7"]
[White "Savoglou, Nikolaos"]
[Black "Patrinos, Ilias"]
[Result "1-0"]
[WhiteElo "1943"]
[BlackElo "1550"]
[PlyCount "69"]
[EventDate "2017.02.04"]
[EventType "swiss"]
[EventRounds "7"]
[EventCountry "GRE"]
[SourceTitle "EXT 2024"]
[Source "ChessBase"]
[SourceDate "2023.10.10"]
[SourceVersion "1"]
[SourceVersionDate "2023.10.10"]
[SourceQuality "1"]

1. d4 d5 2. c4 e6 3. Nc3 Nf6 4. Bg5 Be7 5. e3 0-0 6. Qc2 c6 7. Nf3 Nbd7 8. cxd5 exd5 9. Bd3 Re8 10. 0-0 Ne4 11. Bxe4 dxe4 12. Nxe4 Bxg5 13. Nexg5 Nf6 14. Ne5 Be6 15. Nxe6 Rxe6 16. Rac1 Nd5 17. a3 Qh4 18. Qf5 Rf6 19. Qg4 Qh6 20. Qd7 Qh5 21. Qxb7 Rf8 22. Rxc6 Rxc6 23. Qxc6 Nf6 24. Rc1 h6 25. Qf3 Qh4 26. h3 Rb8 27. b4 a5 28. bxa5 Rb5 29. a6 Ra5 30. Qb7 Rxe5 31. dxe5 Ne4 32. Rc2 Ng5 33. a7 Nxh3+ 34. gxh3 Qg5+ 35. Qg2 1-0

[Event "Athens ChessSquare Celebration op"]
[Site "Athens"]
[Date "2015.12.12"]
[Round "6"]
[White "Nemtsas, Hristoforos"]
[Black "Savoglou, Nikolaos"]
[Result "0-1"]
[WhiteElo "1875"]
[BlackElo "1955"]
[PlyCount "110"]
[EventDate "2015.11.07"]
[EventType "swiss"]
[EventRounds "7"]
[EventCountry "GRE"]
[SourceTitle "EXT 2024"]
[Source "ChessBase"]
[SourceDate "2023.10.10"]
[SourceVersion "1"]
[SourceVersionDate "2023.10.10"]
[SourceQuality "1"]

1. d4 Nf6 2. c4 e6 3. Nc3 Bb4 4. Qc2 0-0 5. a3 Bxc3+ 6. Qxc3 d5 7. Bg5 c5 8. dxc5 d4 9. Qg3 Nbd7 10. Qd6 e5 11. Nf3 Re8 12. Bxf6 Qxf6 13. Qxf6 Nxf6 14. Nd2 a5 15. g3 a4 16. Bg2 e4 17. 0-0 Bg4 18. f3 exf3 19. exf3 Bf5 20. Rfe1 Re3 21. Ne4 Rb3 22. Nxf6+ gxf6 23. Re2 Rc8 24. Rd2 d3 25. Kf2 Rxc5 26. Rc1 b5 27. Ke3 bxc4 28. Kd4 Rcb5 29. Kxc4 Rxb2 30. Rcd1 R5b3 31. Rxb2 Rxb2 32. Bf1 Rb3 33. Bxd3 Be6+ 34. Kc5 Rxa3 35. Kb4 Ra2 36. h4 Bb3 37. Re1 Rg2 38. g4 Kg7 39. Bb5 Rh2 40. h5 f5 41. Re5 fxg4 42. fxg4 Rg2 43. Bd7 h6 44. Re4 Bd1 45. Rf4 Rg3 46. Rd4 Be2 47. Kxa4 Rd3 48. Rxd3 Bxd3 49. Kb4 Kf6 50. Kc3 Bb1 51. Kd4 Kg5 52. Ke3 Bc2 53. Bc8 Bd1 54. Ke4 Bxg4 55. Ba6 Bxh5 0-1

[Event "Nikea Fysiolatriko-A 11th"]
[Site "Nikea"]
[Date "2013.06.20"]
[Round "2"]
[White "Savoglou, Nikolaos"]
[Black "Katopodis, Ioannis"]
[Result "1-0"]
[WhiteElo "2044"]
[BlackElo "1764"]
[PlyCount "71"]
[EventDate "2013.06.19"]
[EventType "swiss"]
[EventRounds "9"]
[EventCountry "GRE"]
[SourceTitle "EXT 2024"]
[Source "ChessBase"]
[SourceDate "2023.10.10"]
[SourceVersion "1"]
[SourceVersionDate "2023.10.10"]
[SourceQuality "1"]

1. d4 d5 2. c4 c6 3. Nc3 Nf6 4. Nf3 e6 5. Qd3 dxc4 6. Qxc4 b5 7. Qd3 Bb7 8. Bg5 Nbd7 9. e4 Be7 10. e5 Nd5 11. Bxe7 Qxe7 12. Nxd5 exd5 13. Be2 a6 14. 0-0 0-0 15. Rfe1 Rac8 16. Bd1 c5 17. Bc2 g6 18. h4 cxd4 19. Re2 Nc5 20. Qxd4 Ne6 21. Qe3 d4 22. Nxd4 Nxd4 23. Qxd4 Rc4 24. Qa7 Ra8 25. Qb6 Rac8 26. Bb3 R8c6 27. Qa7 Rc1+ 28. Re1 Rxa1 29. Rxa1 Rc7 30. Re1 Bc8 31. Qd4 Rd7 32. Qe3 Qxh4 33. e6 Re7 34. exf7+ Kf8 35. Qc5 Bb7 36. Qd6 1-0

[Event "Athens Nikeas Christmas op 2nd"]
[Site "Athens"]
[Date "2013.01.05"]
[Round "5.4"]
[White "Sideris, Theodoros"]
[Black "Savoglou, Nikolaos"]
[Result "1/2-1/2"]
[WhiteElo "1992"]
[BlackElo "2001"]
[PlyCount "96"]
[EventDate "2013.01.02"]
[EventType "swiss"]
[EventRounds "7"]
[EventCountry "GRE"]
[SourceTitle "EXT 2024"]
[Source "ChessBase"]
[SourceDate "2023.10.10"]
[SourceVersion "1"]
[SourceVersionDate "2023.10.10"]
[SourceQuality "1"]

1. e4 e5 2. Nf3 Nc6 3. Bb5 a6 4. Bxc6 dxc6 5. 0-0 f6 6. d4 Bg4 7. c3 Qd7 8. h3 Bxf3 9. Qxf3 0-0-0 10. Be3 Bd6 11. Nd2 Ne7 12. Nc4 Ng6 13. Qf5 Qxf5 14. exf5 exd4 15. Nxd6+ cxd6 16. Bxd4 Nh4 17. g4 Nf3+ 18. Kg2 Nxd4 19. cxd4 Rde8 20. Rfe1 Kd7 21. Re3 Rxe3 22. fxe3 c5 23. dxc5 dxc5 24. Kf3 b5 25. Rd1+ Kc6 26. e4 h6 27. h4 Re8 28. Kf4 Re7 29. Rg1 c4 30. g5 hxg5+ 31. hxg5 fxg5+ 32. Rxg5 a5 33. e5 b4 34. Ke4 Kc5 35. e6 Kd6 36. Kd4 Rc7 37. Rg6 c3 38. bxc3 bxc3 39. e7+ Kd7 40. Rxg7 Rc6 41. Rg6 Rxg6 42. fxg6 c2 43. g7 c1Q 44. e8Q+ Kxe8 45. g8Q+ Ke7 46. Qh7+ Kd8 47. Qg8+ Kc7 48. Qf7+ Kb6 1/2-1/2

[Event "Paleochora op 5th"]
[Site "Paleochora"]
[Date "2012.07.19"]
[Round "5"]
[White "Savoglou, Nikolaos"]
[Black "Ambartsumova, Karina"]
[Result "1/2-1/2"]
[WhiteElo "1999"]
[BlackElo "2322"]
[PlyCount "65"]
[EventDate "2012.07.16"]
[EventType "swiss"]
[EventRounds "9"]
[EventCountry "GRE"]
[SourceTitle "CBM 149 Extra"]
[Source "ChessBase"]
[SourceDate "2012.08.24"]
[SourceVersion "1"]
[SourceVersionDate "2012.08.24"]
[SourceQuality "1"]

1. d4 Nf6 2. c4 e6 3. Nc3 Bb4 4. Nf3 d5 5. cxd5 exd5 6. Bg5 Nbd7 7. Qc2 c5 8. dxc5 h6 9. Bd2 Bxc5 10. e3 0-0 11. Be2 a6 12. Rc1 b5 13. a3 Bb7 14. 0-0 Bd6 15. Rfd1 Rc8 16. Qf5 Qe7 17. Na2 Rfe8 18. Rxc8 Bxc8 19. Bb4 Nc5 20. Qc2 Be6 21. Nd4 Nce4 22. Bxd6 Qxd6 23. Rc1 Rc8 24. Qxc8+ Bxc8 25. Rxc8+ Kh7 26. Rc6 Qd7 27. Rxa6 Nd6 28. Bd3+ g6 29. Nc3 Kg7 30. Rc6 Nc4 31. Ncxb5 Nxb2 32. Be2 Ne8 33. h3 1/2-1/2

[Event "GRE-chT 40th"]
[Site "Achaia"]
[Date "2012.07.02"]
[Round "4.10"]
[White "Savoglou, Nikolaos"]
[Black "Kordis, Konstantinos"]
[Result "1/2-1/2"]
[WhiteElo "2032"]
[BlackElo "2160"]
[PlyCount "61"]
[EventDate "2012.06.30"]
[EventType "team-swiss"]
[EventRounds "7"]
[EventCountry "GRE"]
[SourceTitle "CBM 149 Extra"]
[Source "ChessBase"]
[SourceDate "2012.08.24"]
[SourceVersion "1"]
[SourceVersionDate "2012.08.24"]
[SourceQuality "1"]
[WhiteTeam "Koropiou"]
[BlackTeam "Glyfadas Zenon"]
[WhiteTeamCountry "GRE"]
[BlackTeamCountry "GRE"]

1. d4 Nf6 2. c4 g6 3. Nc3 Bg7 4. e4 d6 5. Nf3 0-0 6. h3 c5 7. d5 b5 8. cxb5 a6 9. a4 axb5 10. Bxb5 Ba6 11. Bd2 Nbd7 12. 0-0 Ne8 13. Re1 Nc7 14. Bf4 Rb8 15. e5 dxe5 16. Nxe5 Nxe5 17. Bxe5 Bxe5 18. Rxe5 Bxb5 19. axb5 Nxb5 20. Nxb5 Rxb5 21. Qe2 Rb7 22. Re1 Qd6 23. Rxe7 Qxd5 24. Re8 Rb8 25. Rxf8+ Rxf8 26. Qe5 Qb3 27. Qxc5 Qxb2 28. Qe5 Qxe5 29. Rxe5 Kg7 30. f3 Ra8 31. Re2 1/2-1/2

[Event "Athens op 05"]
[Site "Athens"]
[Date "2012.05.09"]
[Round "2"]
[White "Savoglou, Nikolaos"]
[Black "Tourkolias, Dimitrios"]
[Result "1/2-1/2"]
[WhiteElo "2055"]
[BlackElo "1773"]
[PlyCount "63"]
[EventDate "2012.05.05"]
[EventType "swiss"]
[EventRounds "7"]
[EventCountry "GRE"]
[SourceTitle "EXT 2014"]
[Source "ChessBase"]
[SourceDate "2013.11.20"]
[SourceVersion "1"]
[SourceVersionDate "2013.11.20"]
[SourceQuality "1"]

1. e4 c5 2. Nf3 Nc6 3. Bb5 g6 4. 0-0 Bg7 5. Re1 e5 6. c3 Nge7 7. d3 0-0 8. Nbd2 d6 9. h3 f5 10. Bc4+ Kh8 11. Ng5 d5 12. exd5 Nxd5 13. Nb3 h6 14. Nf3 b6 15. Bb5 Nde7 16. d4 e4 17. Ne5 Nxe5 18. dxe5 Qxd1 19. Rxd1 Kh7 20. Bf4 g5 21. Bh2 Ng6 22. Bc6 Rb8 23. e6 f4 24. Bxe4 Bxe6 25. Rd6 Bf5 26. Bxf5 Rxf5 27. Rd7 Re8 28. Rad1 Rfe5 29. Kf1 R8e7 30. f3 Re1+ 31. Rxe1 Rxd7 32. Kf2 1/2-1/2

[Event "Skopje Karposh op"]
[Site "Skopje"]
[Date "2012.04.12"]
[Round "7"]
[White "Cvetkovski, Slobodan"]
[Black "Savoglou, Nikolaos"]
[Result "0-1"]
[WhiteElo "1927"]
[BlackElo "2055"]
[PlyCount "56"]
[EventDate "2012.04.07"]
[EventType "swiss"]
[EventRounds "9"]
[EventCountry "MKD"]
[SourceTitle "CBM 147 Extra"]
[Source "ChessBase"]
[SourceDate "2012.04.24"]
[SourceVersion "1"]
[SourceVersionDate "2012.04.24"]
[SourceQuality "1"]

1. e4 e6 2. d4 d5 3. Nc3 Nf6 4. e5 Nfd7 5. f4 c5 6. Nf3 Nc6 7. Be3 Be7 8. Qd2 0-0 9. Be2 a6 10. 0-0 b5 11. a3 Qb6 12. Rad1 Bb7 13. Nb1 a5 14. c3 Ba6 15. g4 b4 16. axb4 axb4 17. f5 bxc3 18. bxc3 cxd4 19. cxd4 Bb4 20. Qb2 Ndxe5 21. Nxe5 Nxe5 22. Bxa6 Rxa6 23. fxe6 Nxg4 24. Rxf7 Nxe3 25. Rd3 Qxe6 26. Rxf8+ Bxf8 27. Qe2 Qg6+ 28. Kh1 Ra1 0-1

[Event "Skopje Karposh op"]
[Site "Skopje"]
[Date "2012.04.09"]
[Round "4"]
[White "Menkinoski, Riste"]
[Black "Savoglou, Nikolaos"]
[Result "1-0"]
[WhiteElo "2369"]
[BlackElo "2055"]
[PlyCount "113"]
[EventDate "2012.04.07"]
[EventType "swiss"]
[EventRounds "9"]
[EventCountry "MKD"]
[SourceTitle "CBM 147 Extra"]
[Source "ChessBase"]
[SourceDate "2012.04.24"]
[SourceVersion "1"]
[SourceVersionDate "2012.04.24"]
[SourceQuality "1"]

1. Nf3 Nf6 2. g3 e6 3. Bg2 d5 4. 0-0 Be7 5. c4 0-0 6. b3 c5 7. cxd5 Nxd5 8. Bb2 Nc6 9. Nc3 Nxc3 10. Bxc3 Rb8 11. Qc1 b6 12. Rd1 Ba6 13. Qb2 Bf6 14. Bxf6 Qxf6 15. Qxf6 gxf6 16. Kf1 Rfd8 17. d3 Nd4 18. Rac1 Bb7 19. Ne1 Bxg2+ 20. Nxg2 f5 21. f4 Rbc8 22. Kf2 a5 23. Ne1 Kf8 24. h3 Ke7 25. g4 fxg4 26. hxg4 Rg8 27. Nf3 Nc6 28. g5 Nb4 29. a3 Nd5 30. e3 f6 31. Rh1 Rg7 32. d4 fxg5 33. Nxg5 a4 34. bxa4 c4 35. Rh6 Nf6 36. Ke2 Rg6 37. Rxg6 hxg6 38. e4 Nh5 39. Ke3 c3 40. Nf3 c2 41. Ne5 Rc3+ 42. Kd2 Rxa3 43. Rxc2 Nxf4 44. Rc7+ Kf6 45. Rc4 Rb3 46. Kc2 Rh3 47. Nd7+ Ke7 48. Nxb6 g5 49. Rc7+ Kf6 50. Nd7+ Ke7 51. Ne5+ Kd8 52. Rc3 Rh2+ 53. Kb3 Ne2 54. Rc4 Ke7 55. a5 Rh3+ 56. Kb4 Rh8 57. Ng6+ 1-0

[Event "Athens op 04"]
[Site "Athens"]
[Date "2012.04.04"]
[Round "2"]
[White "Savoglou, Nikolaos"]
[Black "Michailidis, Dimitrios"]
[Result "0-1"]
[WhiteElo "2055"]
[BlackElo "1755"]
[PlyCount "82"]
[EventDate "2012.03.31"]
[EventType "swiss"]
[EventRounds "7"]
[EventCountry "GRE"]
[SourceTitle "EXT 2014"]
[Source "ChessBase"]
[SourceDate "2013.11.20"]
[SourceVersion "1"]
[SourceVersionDate "2013.11.20"]
[SourceQuality "1"]

1. d4 Nf6 2. c4 c5 3. d5 b5 4. cxb5 a6 5. e3 g6 6. Nc3 Bg7 7. Nf3 d6 8. a4 0-0 9. e4 Nbd7 10. Bd2 axb5 11. axb5 Bb7 12. Be2 Rxa1 13. Qxa1 Qa8 14. 0-0 Qxa1 15. Rxa1 Ra8 16. Ra3 Nb6 17. h3 Nfd7 18. Rxa8+ Bxa8 19. b3 e6 20. dxe6 fxe6 21. Ng5 Nf8 22. Na4 Nxa4 23. bxa4 h6 24. Nf3 Bxe4 25. a5 Nd7 26. b6 Bc6 27. Ba6 Kf8 28. Kf1 Ke7 29. Ke2 Kd8 30. g4 g5 31. Ne1 d5 32. Nd3 Bf8 33. f4 c4 34. Ne5 Nxe5 35. fxe5 Bc5 36. h4 gxh4 37. Bxh6 Kd7 38. g5 h3 39. Kf3 h2 40. Kg2 Bg1 41. b7 d4+ 0-1

[Event "Athens op 03-B"]
[Site "Athens"]
[Date "2012.03.24"]
[Round "7"]
[White "Savoglou, Nikolaos"]
[Black "Koutoukidis, Panagiotis"]
[Result "0-1"]
[WhiteElo "2055"]
[BlackElo "2154"]
[PlyCount "58"]
[EventDate "2012.03.03"]
[EventType "swiss"]
[EventRounds "7"]
[EventCountry "GRE"]
[SourceTitle "EXT 2014"]
[Source "ChessBase"]
[SourceDate "2013.11.20"]
[SourceVersion "1"]
[SourceVersionDate "2013.11.20"]
[SourceQuality "1"]

1. d4 Nf6 2. c4 e6 3. Nc3 Bb4 4. Nf3 c5 5. g3 Bxc3+ 6. bxc3 Qa5 7. Bd2 b6 8. Bg2 Bb7 9. 0-0 0-0 10. d5 Qa6 11. Bg5 Ne4 12. Be7 Re8 13. Ng5 exd5 14. Nxe4 dxe4 15. Bd6 Qxc4 16. Bxb8 Raxb8 17. Qxd7 Qxc3 18. Rad1 Qe5 19. Qa4 a6 20. Rd7 b5 21. Qa5 Re7 22. Rfd1 Rxd7 23. Rxd7 g6 24. h4 Kg7 25. h5 gxh5 26. Kh2 c4 27. Qb4 c3 28. Re7 a5 29. Qa3 b4 0-1

[Event "Athens op 03-B"]
[Site "Athens"]
[Date "2012.03.07"]
[Round "2"]
[White "Rozakis, Vasilios"]
[Black "Savoglou, Nikolaos"]
[Result "1-0"]
[WhiteElo "1854"]
[BlackElo "2055"]
[PlyCount "120"]
[EventDate "2012.03.03"]
[EventType "swiss"]
[EventRounds "7"]
[EventCountry "GRE"]
[SourceTitle "EXT 2014"]
[Source "ChessBase"]
[SourceDate "2013.11.20"]
[SourceVersion "1"]
[SourceVersionDate "2013.11.20"]
[SourceQuality "1"]

1. e4 e6 2. d4 d5 3. Nd2 c5 4. c3 cxd4 5. cxd4 dxe4 6. Nxe4 Bb4+ 7. Nc3 Nf6 8. Bb5+ Bd7 9. Qa4 Qa5 10. Bxd7+ Nbxd7 11. Qxa5 Bxa5 12. Nge2 0-0 13. 0-0 a6 14. Bf4 Rfc8 15. a3 Bc7 16. Bxc7 Rxc7 17. Rac1 Nb6 18. Ne4 Rac8 19. Nd6 Rxc1 20. Rxc1 Rxc1+ 21. Nxc1 Nfd7 22. b3 Nb8 23. Nxb7 Nc6 24. Nc5 a5 25. Nb7 Kf8 26. Kf1 Ke7 27. Ke2 Nxd4+ 28. Kd3 Nc6 29. Ne2 e5 30. Nc3 f5 31. f3 h5 32. Na4 Nxa4 33. bxa4 Ke6 34. Kc4 e4 35. Nc5+ Ke5 36. fxe4 fxe4 37. Kb5 Nd4+ 38. Kxa5 e3 39. Nd3+ Ke4 40. Ne1 e2 41. Kb4 Ke3 42. Kc3 Kf2 43. Nd3+ Ke3 44. h4 Nb3 45. Ne1 Nc5 46. a5 Kf2 47. Nc2 Na6 48. Kc4 Kxg2 49. Kb5 Nb8 50. a6 Nxa6 51. Kxa6 Kg3 52. Kb5 Kxh4 53. a4 g5 54. a5 g4 55. a6 g3 56. Ne1 Kh3 57. a7 g2 58. Nxg2 Kxg2 59. a8Q+ Kf2 60. Qf8+ Kg2 1-0

[Event "Athens op 03-B"]
[Site "Athens"]
[Date "2012.03.03"]
[Round "1"]
[White "Savoglou, Nikolaos"]
[Black "Giannakoulias, Alexandros"]
[Result "1-0"]
[WhiteElo "2055"]
[BlackElo "1594"]
[PlyCount "49"]
[EventDate "2012.03.03"]
[EventType "swiss"]
[EventRounds "7"]
[EventCountry "GRE"]
[SourceTitle "EXT 2014"]
[Source "ChessBase"]
[SourceDate "2013.11.20"]
[SourceVersion "1"]
[SourceVersionDate "2013.11.20"]
[SourceQuality "1"]

1. d4 d5 2. c4 e6 3. Nc3 Nf6 4. cxd5 exd5 5. Bg5 Be7 6. e3 Ne4 7. Bxe7 Nxc3 8. Bxd8 Nxd1 9. Bxc7 Nxb2 10. Rb1 Nc4 11. Nf3 Na6 12. Bg3 b6 13. Bd3 Bb7 14. 0-0 Bc6 15. Ne5 Nxe5 16. Bxe5 f6 17. Bxa6 fxe5 18. dxe5 Rd8 19. Rfd1 Ke7 20. Rbc1 Ba8 21. f4 Rhf8 22. g3 Ke6 23. Rc7 Rg8 24. Be2 Kf5 25. Rf7+ 1-0

[Event "Athens Siaperas Memorial 8th"]
[Site "Athens"]
[Date "2012.02.11"]
[Round "3"]
[White "Savoglou, Nikolaos"]
[Black "Markantonaki, Haritomeni"]
[Result "0-1"]
[WhiteElo "2039"]
[BlackElo "2106"]
[PlyCount "64"]
[EventDate "2012.02.04"]
[EventType "swiss"]
[EventRounds "7"]
[EventCountry "GRE"]
[SourceTitle "EXT 2014"]
[Source "ChessBase"]
[SourceDate "2013.11.20"]
[SourceVersion "1"]
[SourceVersionDate "2013.11.20"]
[SourceQuality "1"]

1. d4 Nf6 2. c4 e6 3. Nc3 Bb4 4. Nf3 b6 5. Bd2 Bb7 6. g3 c5 7. dxc5 Bxc5 8. Bg2 a6 9. 0-0 0-0 10. a3 Be7 11. b4 d6 12. Qb3 Nbd7 13. Rfc1 Qc7 14. Ne1 Rac8 15. Bxb7 Qxb7 16. Ng2 Rc7 17. Rc2 Rfc8 18. Ne3 Ne5 19. Ncd1 Ne4 20. Be1 Ng5 21. f3 Nexf3+ 22. exf3 Nxf3+ 23. Kf2 Nd4 24. Qd3 Nxc2 25. Qxc2 b5 26. Qe2 bxc4 27. Bc3 Qe4 28. Qg4 Qxg4 29. Nxg4 Rd7 30. Rb1 h5 31. Nge3 d5 32. Bd4 f6 0-1

[Event "Athens op 01-B"]
[Site "Athens"]
[Date "2012.01.10"]
[Round "2"]
[White "Savoglou, Nikolaos"]
[Black "Gasparatos, Panagiotis"]
[Result "1-0"]
[WhiteElo "2039"]
[BlackElo "1715"]
[PlyCount "73"]
[EventDate "2012.01.07"]
[EventType "swiss"]
[EventRounds "7"]
[EventCountry "GRE"]
[SourceTitle "EXT 2014"]
[Source "ChessBase"]
[SourceDate "2013.11.20"]
[SourceVersion "1"]
[SourceVersionDate "2013.11.20"]
[SourceQuality "1"]

1. d4 d5 2. c4 e6 3. Nc3 Nf6 4. cxd5 exd5 5. Bg5 Be7 6. e3 0-0 7. Qc2 h6 8. Bh4 b6 9. Bd3 Bb7 10. Nf3 Nbd7 11. 0-0 c5 12. Rfe1 Rc8 13. Rad1 cxd4 14. exd4 Ne4 15. Bxe7 Qxe7 16. Nd2 Qf6 17. Ndxe4 dxe4 18. Bxe4 Bxe4 19. Qxe4 Rce8 20. Qxe8 Rxe8 21. Rxe8+ Kh7 22. d5 b5 23. d6 b4 24. Na4 Qf5 25. Ree1 Qc2 26. b3 Qxa2 27. Rb1 f6 28. Rb2 Qa3 29. Reb1 Kg6 30. h3 Kf7 31. Re2 Kg6 32. Re7 Qa2 33. Rb2 Qa1+ 34. Kh2 Nb6 35. Rd2 Nd7 36. Rxd7 Qe5+ 37. g3 1-0

[Event "Athens op 01-B"]
[Site "Athens"]
[Date "2012.01.07"]
[Round "1"]
[White "Zevgaridis, Anastasios"]
[Black "Savoglou, Nikolaos"]
[Result "0-1"]
[WhiteElo "1468"]
[BlackElo "2039"]
[PlyCount "100"]
[EventDate "2012.01.07"]
[EventType "swiss"]
[EventRounds "7"]
[EventCountry "GRE"]
[SourceTitle "EXT 2014"]
[Source "ChessBase"]
[SourceDate "2013.11.20"]
[SourceVersion "1"]
[SourceVersionDate "2013.11.20"]
[SourceQuality "1"]

1. e4 e6 2. Nf3 d5 3. exd5 exd5 4. d4 Bd6 5. Nc3 Ne7 6. g3 Bf5 7. Bg2 Qd7 8. 0-0 Nbc6 9. a3 0-0-0 10. Ng5 Be6 11. Re1 h6 12. Nxe6 fxe6 13. Bh3 Nf5 14. Nb5 Rhf8 15. Nxd6+ cxd6 16. c3 Kb8 17. b4 Rde8 18. a4 e5 19. b5 Na5 20. Ba3 Nc4 21. dxe5 Nxa3 22. Rxa3 dxe5 23. c4 Qd6 24. Rd3 d4 25. Qf3 g6 26. a5 Qb4 27. Ra1 e4 28. Qf4+ Nd6 29. Rb3 Qc5 30. Qc1 d3 31. a6 Rxf2 32. Kh1 Rc2 33. Qf4 b6 34. Rc1 Qe5 35. Re1 Qxf4 36. gxf4 d2 37. Rd1 Nxc4 38. Bf1 Nb2 39. Rb1 d1Q 40. Rxd1 Nxd1 41. Rg3 Nf2+ 42. Kg1 Rg8 43. f5 g5 44. h4 g4 45. Rg2 Nh3+ 46. Kh2 Rxg2+ 47. Bxg2 e3 48. Bf1 Rf8 49. Kg3 Rxf5 50. Kxg4 Rxf1 0-1

[Event "Ambelokipi op 120th"]
[Site "Athens"]
[Date "2011.12.17"]
[Round "5"]
[White "Tsiropoulas, Apostolos"]
[Black "Savoglou, Nikolaos"]
[Result "1/2-1/2"]
[WhiteElo "2136"]
[BlackElo "2057"]
[PlyCount "156"]
[EventDate "2011.12.03"]
[EventType "swiss"]
[EventRounds "7"]
[EventCountry "GRE"]
[SourceTitle "EXT 2024"]
[Source "ChessBase"]
[SourceDate "2023.10.10"]
[SourceVersion "1"]
[SourceVersionDate "2023.10.10"]
[SourceQuality "1"]

1. d4 e6 2. Nf3 Nf6 3. Bf4 b6 4. Nbd2 Bb7 5. e3 c5 6. c3 cxd4 7. exd4 Be7 8. Bd3 d6 9. a4 a6 10. h3 Nbd7 11. Qe2 0-0 12. 0-0 Re8 13. Nc4 Qc7 14. Rfe1 Rec8 15. Ng5 Nf8 16. Bh2 h6 17. Nf3 N8d7 18. Ne3 Bf8 19. Nc2 Nd5 20. c4 Ne7 21. a5 Nf6 22. axb6 Qxb6 23. b4 Qc6 24. Ra5 Re8 25. Rea1 Ng6 26. c5 Nd5 27. Bxa6 Ndf4 28. Bxf4 Nxf4 29. Qf1 Nxh3+ 30. gxh3 Qxf3 31. Bxb7 Qxb7 32. Qg2 Qxg2+ 33. Kxg2 Rac8 34. Ra6 dxc5 35. dxc5 Bxc5 36. bxc5 Rxc5 37. Ne3 Rec8 38. Rd1 g6 39. Rd7 R5c7 40. Rdd6 Rb8 41. Ng4 Kg7 42. Ne5 Rb5 43. Nd3 Rbb7 44. Kg3 Rb3 45. f3 Rb5 46. Rd4 Rg5+ 47. Kf2 Rc2+ 48. Ke3 Rc7 49. Rf4 Rd5 50. Ra3 Rh5 51. Nf2 Rd7 52. Ra8 Re5+ 53. Re4 Rb5 54. Ra3 Rbb7 55. Nd3 Ra7 56. Rxa7 Rxa7 57. Rf4 Ra5 58. Rc4 Rh5 59. Nf2 Ra5 60. Kd4 Rd5+ 61. Ke4 f5+ 62. Ke3 g5 63. Nd3 e5 64. Rc5 Rxc5 65. Nxc5 Kf6 66. Nd3 h5 67. Nf2 Ke6 68. Kd3 Kd5 69. Nh1 h4 70. Nf2 Kc5 71. Nd1 Kd5 72. Ne3+ Ke6 73. Kc4 g4 74. Nxg4 e4 75. Nf2 Ke5 76. fxe4 fxe4 77. Ng4+ Kf4 78. Kd4 Kg3 1/2-1/2

[Event "Paleochora op 4th"]
[Site "Paleochora"]
[Date "2011.07.22"]
[Round "4"]
[White "Savoglou, Nikolaos"]
[Black "Goumas, Georgios"]
[Result "1/2-1/2"]
[WhiteElo "2054"]
[BlackElo "2323"]
[PlyCount "192"]
[EventDate "2011.07.20"]
[EventType "swiss"]
[EventRounds "9"]
[EventCountry "GRE"]
[SourceTitle "CBM 143 Extra"]
[Source "ChessBase"]
[SourceDate "2011.08.29"]
[SourceVersion "1"]
[SourceVersionDate "2011.08.29"]
[SourceQuality "1"]

1. d4 d6 2. Nf3 Bg4 3. e4 Nf6 4. Nbd2 Nbd7 5. Be2 e6 6. 0-0 Be7 7. c4 0-0 8. b3 e5 9. Bb2 Bxf3 10. Nxf3 exd4 11. Qxd4 Nc5 12. e5 Ne6 13. Qd2 Ng4 14. Rfd1 Re8 15. h3 Nxe5 16. Nxe5 dxe5 17. Qxd8 Bxd8 18. Bf3 c6 19. Bxe5 Ng5 20. Bc3 Nxf3+ 21. gxf3 Bb6 22. Re1 f6 23. Rad1 Rxe1+ 24. Bxe1 Rd8 25. Rxd8+ Bxd8 26. f4 g6 27. Kg2 Kf7 28. Kf3 Ke6 29. Ke4 a5 30. c5 a4 31. Bd2 Be7 32. Be3 Bf8 33. bxa4 Bg7 34. f5+ gxf5+ 35. Kd4 f4 36. Bxf4 f5+ 37. Kc4 Be5 38. Be3 Bc7 39. Bd4 Ba5 40. Bg7 Bd2 41. Bd4 Be1 42. f3 Bg3 43. Be3 Ke5 44. Bh6 Bf2 45. Bg5 Ke6 46. h4 Ke5 47. h5 Bd4 48. Bh6 Bf2 49. Bg5 Be1 50. Bh6 Ba5 51. Bg5 Bc7 52. Be7 Ba5 53. Bd6+ Kf6 54. Bf4 Be1 55. Kd4 Bh4 56. Be3 Bg3 57. Bh6 Be5+ 58. Kd3 Ke6 59. f4 Bb2 60. Kc4 Bc1 61. Bg5 Be3 62. Bh6 Kd7 63. Bg5 Kc8 64. a5 Kb8 65. a6 bxa6 66. a3 Kc7 67. a4 Kd7 68. Kb4 Bd2+ 69. Kc4 Ke6 70. Kd3 Bc1 71. Kc4 Be3 72. Bh6 Kf6 73. Kb4 Bd2+ 74. Kc4 Kf7 75. Kd4 Ke6 76. Kc4 Be3 77. Bg5 Kf7 78. Bh6 a5 79. Bg5 Kg7 80. Bd8 Kh6 81. Bxa5 Bxf4 82. Bb6 Kxh5 83. a5 Kg4 84. a6 Bb8 85. Bc7 Ba7 86. Bb6 f4 87. Kd3 f3 88. Bxa7 Kh3 89. Ke3 Kg2 90. Bb6 f2 91. a7 f1Q 92. a8Q Qf3+ 93. Kd4 Qf4+ 94. Kd3 Qf3+ 95. Kd4 Qf4+ 96. Kd3 Qf3+ 1/2-1/2

[Event "Nikaia Fysiolatriko op 09th"]
[Site "Nikaia"]
[Date "2011.06.18"]
[Round "3"]
[White "Maliaros, Stavros"]
[Black "Savoglou, Nikolaos"]
[Result "1/2-1/2"]
[WhiteElo "2107"]
[BlackElo "1987"]
[PlyCount "80"]
[EventDate "2011.06.16"]
[EventType "swiss"]
[EventRounds "9"]
[EventCountry "GRE"]
[SourceTitle "CBM 143 Extra"]
[Source "ChessBase"]
[SourceDate "2011.08.29"]
[SourceVersion "1"]
[SourceVersionDate "2011.08.29"]
[SourceQuality "1"]

1. d4 Nf6 2. Bf4 e6 3. e3 b6 4. Nf3 Bb7 5. Nbd2 Be7 6. h3 0-0 7. Bd3 c5 8. c3 d6 9. 0-0 Nbd7 10. Bh2 Qc7 11. e4 e5 12. Rc1 Rfc8 13. Qe2 cxd4 14. cxd4 Qxc1 15. Rxc1 Rxc1+ 16. Nf1 exd4 17. Bf4 Rcc8 18. Nxd4 Ne5 19. Nf5 Bf8 20. Bg5 Nxd3 21. Bxf6 Nf4 22. Qg4 Ng6 23. Bc3 Rc4 24. Nd2 Rc7 25. h4 Bc8 26. Nf3 Bxf5 27. exf5 Ne5 28. Nxe5 dxe5 29. f6 g6 30. Bxe5 Rc5 31. f4 Rd8 32. h5 Rd2 33. Bc3 Rdd5 34. hxg6 hxg6 35. a3 Rc4 36. Qf3 Bc5+ 37. Kf1 Rxf4 38. Qxf4 Rf5 39. Qxf5 gxf5 40. b4 Bd6 1/2-1/2

[Event "Ambelokipi op 112th"]
[Site "Athens"]
[Date "2011.05.04"]
[Round "7"]
[White "Kagas, Konstantinos"]
[Black "Savoglou, Nikolaos"]
[Result "1-0"]
[WhiteElo "2081"]
[BlackElo "1943"]
[PlyCount "59"]
[EventDate "2011.04.09"]
[EventType "swiss"]
[EventRounds "7"]
[EventCountry "GRE"]
[SourceTitle "EXT 2024"]
[Source "ChessBase"]
[SourceDate "2023.10.10"]
[SourceVersion "1"]
[SourceVersionDate "2023.10.10"]
[SourceQuality "1"]

1. e4 e6 2. d4 d5 3. Nc3 Nf6 4. e5 Nfd7 5. f4 c5 6. Nf3 Nc6 7. Be3 Be7 8. Qd2 0-0 9. g3 f6 10. exf6 Nxf6 11. dxc5 Nd7 12. Na4 b6 13. Bb5 Qc7 14. cxb6 axb6 15. 0-0 Ba6 16. Nc3 Bb4 17. Bxa6 Rxa6 18. Qe2 Raa8 19. Nb5 Qd8 20. Nfd4 Nxd4 21. Nxd4 Qf6 22. c3 Bc5 23. b4 Bxd4 24. Bxd4 Qf7 25. Rfe1 Rfe8 26. a4 Rab8 27. Qe3 Qg6 28. a5 bxa5 29. Rxa5 Nf6 30. Ra7 1-0